LEADER 01756nam 2200337 n 450 001 996392562303316 005 20221108004055.0 035 $a(CKB)4940000000111671 035 $a(EEBO)2240949095 035 $a(UnM)99869326 035 $a(EXLCZ)994940000000111671 100 $a19850605d1643 uh | 101 0 $aeng 135 $aurbn||||a|bb| 200 10$aTwo ordinances of the Lords and Commons assembled in Parliament$b[electronic resource] $eOne, that all sellers of wines who shall pay the excise, shall and may take for all Spanish vvines sold, for every quart foureteene pence; and for all French vvines eight pence a quart, and so proportionably after that rate. The other, concerning Northampton, for the raising of money for the space of six moneths, for the defence and preservation of the said county from plunder and ruine. Die Lunæ, 9 Octob. 1643. Ordered by the Lords and Commons assembled in Parliament that these two ordinances shall be forthwith printed and published. J. Brown Cler. Parliamentorum 210 $aLondon $cPrinted for Iohn Wright in the Old-baily$dOctob. 10. 1643 215 $a[2], 6 p 300 $aReproduction of the original in the British Library. 330 $aeebo-0018 606 $aWine and wine making$xTaxation$zEngland$vEarly works to 1800 607 $aNorthamptonshire (England)$xHistory$vEarly works to 1800 607 $aGreat Britain$xHistory$yCivil War, 1642-1649$xFinance$vEarly works to 1800 615 0$aWine and wine making$xTaxation 801 0$bCu-RivES 801 1$bCu-RivES 801 2$bCStRLIN 801 2$bWaOLN 906 $aBOOK 912 $a996392562303316 996 $aTwo ordinances of the Lords and Commons assembled in Parliament$92299709 997 $aUNISA LEADER 01721oam 2200505zu 450 001 9910142721303321 005 20241212215519.0 010 $a9781509088645 010 $a1509088644 035 $a(CKB)1000000000331068 035 $a(SSID)ssj0000395217 035 $a(PQKBManifestationID)12107942 035 $a(PQKBTitleCode)TC0000395217 035 $a(PQKBWorkID)10450639 035 $a(PQKB)10965751 035 $a(EXLCZ)991000000000331068 100 $a20160829d2007 uy 101 0 $aeng 181 $ctxt 182 $cc 183 $acr 200 10$a11th [IEEE] International Conference Information Visualization : IV 2007 : [proceedings] : 4-6 July 2007, Zurich, Switzerland 210 31$a[Place of publication not identified]$cIEEE Computer Society$d2007 300 $aBibliographic Level Mode of Issuance: Monograph 311 08$a9780769529004 311 08$a0769529003 606 $aComputer vision$vCongresses 606 $aInformation visualization$vCongresses 606 $aComputer graphics$vCongresses 606 $aEngineering & Applied Sciences$2HILCC 606 $aApplied Physics$2HILCC 615 0$aComputer vision 615 0$aInformation visualization 615 0$aComputer graphics 615 7$aEngineering & Applied Sciences 615 7$aApplied Physics 676 $a001.4/226028566 702 $aBanissi$b E 712 02$aIEEE Computer Society 712 12$aIEEE International Conference on Information Visualization 801 0$bPQKB 906 $aPROCEEDING 912 $a9910142721303321 996 $a11th International Conference Information Visualization : IV 2007 : proceedings : 4-6 July 2007, Zurich, Switzerland$92415644 997 $aUNINA